CHILDREN WITH DYSLEXIA (Record no. 17562)
[ view plain ]
| 000 -LEADER | |
|---|---|
| fixed length control field | 00254nam a22001217a 4500 |
| 003 - CONTROL NUMBER IDENTIFIER | |
| control field | SGT |
| 082 ## - DEWEY DECIMAL CLASSIFICATION NUMBER | |
| Classification number | 370 |
| Item number | KUL |
| 100 ## - MAIN ENTRY--PERSONAL NAME | |
| Personal name | KULSHRESHTHA, AB. |
| 245 ## - TITLE STATEMENT | |
| Title | CHILDREN WITH DYSLEXIA |
| 260 ## - PUBLICATION, DISTRIBUTION, ETC. (IMPRINT) | |
| Place of publication, distribution, etc | DELHI |
| Name of publisher, distributor, etc | RI PUB. |
| Year of Publication | 2018 |
| 300 ## - PAGE DESCRIPTION | |
| No. of Pages | 305 |
| 942 ## - ADDED ENTRY ELEMENTS (KOHA) | |
| Source of classification or shelving scheme | Dewey Decimal Classification |
| Koha item type | Books |
| Withdrawn status | Lost status | Source of classification or shelving scheme | Damaged status | Not for loan | Collection code | Home library | Current library | Date acquired | SGTU | Total Checkouts | Full call number | Accession No. (Barcode) | Date last seen | Date last borrowed | Bill Date | Koha item type | Shelving location |
|---|---|---|---|---|---|---|---|---|---|---|---|---|---|---|---|---|---|
| Dewey Decimal Classification | EDUCATION | SGT Engineering Library | SGT Engineering Library | 16/04/2019 | SGTU | 1 | 370 KUL | ED3541 | 25/05/2026 | 25/05/2026 | 16/04/2019 | Books | |||||
| Dewey Decimal Classification | EDUCATION | SGT Engineering Library | SGT Engineering Library | 16/04/2019 | SGTU | 370 KUL | ED3542 | 16/04/2019 | 16/04/2019 | Books | |||||||
| Dewey Decimal Classification | Not For Loan | EDUCATION | SGT Engineering Library | SGT Engineering Library | 16/04/2019 | SGTU | 370 KUL | ED3543 | 16/04/2019 | 16/04/2019 | Books | Reference Book | |||||
| Dewey Decimal Classification | EDUCATION | SGT Engineering Library | SGT Engineering Library | 16/04/2019 | SGTU | 370 KUL | ED3544 | 16/04/2019 | 16/04/2019 | Books | |||||||
| Dewey Decimal Classification | EDUCATION | SGT Engineering Library | SGT Engineering Library | 16/04/2019 | SGTU | 370 KUL | ED3545 | 16/04/2019 | 16/04/2019 | Books |